000 00306nam a22001217a 4500
040 _cSK
082 _a344
100 _aបរិស្ថាន
245 _aបរិស្ថាន
260 _aក្រសួងបរិស្ថាន
_bបរិស្ថាន
_c2000
300 _a453p.
942 _cKB
999 _c9834
_d9834